| 000 -LEADER |
| fixed length control field |
00680nam a22002057a 4500 |
| 005 - DATE AND TIME OF LATEST TRANSACTION |
| control field |
20201109130304.0 |
| 008 - FIXED-LENGTH DATA ELEMENTS--GENERAL INFORMATION |
| fixed length control field |
201021s2010 enk||||| |||| 00| 0 eng d |
| 020 ## - INTERNATIONAL STANDARD BOOK NUMBER |
| International Standard Book Number |
9780194594585 |
| 041 ## - LANGUAGE CODE |
| Language code of text/sound track or separate title |
eng |
| 080 ## - UNIVERSAL DECIMAL CLASSIFICATION NUMBER |
| Universal Decimal Classification number |
811.111.1 O-97 |
| 100 ## - MAIN ENTRY--PERSONAL NAME |
| Personal name |
Oxenden, Clive |
| 9 (RLIN) |
9651 |
| 245 ## - TITLE STATEMENT |
| Title |
New English File : |
| Remainder of title |
Advanced Student Book / |
| Statement of responsibility, etc. |
Clive Oxenden, Christina Latham-Koenig. |
| 264 ## - PRODUCTION, PUBLICATION, DISTRIBUTION, MANUFACTURE, AND COPYRIGHT NOTICE |
| Place of production, publication, distribution, manufacture |
Oxford : |
| Name of producer, publisher, distributor, manufacturer |
Oxford University Press, |
| Date of production, publication, distribution, manufacture, or copyright notice |
2010 |
| 300 ## - PHYSICAL DESCRIPTION |
| Extent |
167 p. |
| Other physical details |
30 cm. |
| 521 ## - TARGET AUDIENCE NOTE |
| Target audience note |
+3 cd |
| 653 ## - INDEX TERM--UNCONTROLLED |
| keyword |
ინგლისური ენა |
| 653 ## - INDEX TERM--UNCONTROLLED |
| keyword |
მასწავლებლის წიგნი |
| 700 ## - ADDED ENTRY--PERSONAL NAME |
| Personal name |
Christina Latham-Koenig |
| Relator term |
ავტორი |
| 9 (RLIN) |
9654 |
| 942 ## - ADDED ENTRY ELEMENTS (KOHA) |
| Source of classification or shelving scheme |
|
| Koha item type |
წიგნი |